<?xml version="1.0" encoding="UTF-8"?>
<record
    xmlns:xsi="http://www.w3.org/2001/XMLSchema-instance"
    xsi:schemaLocation="http://www.loc.gov/MARC21/slim http://www.loc.gov/standards/marcxml/schema/MARC21slim.xsd"
    xmlns="http://www.loc.gov/MARC21/slim">

  <leader>00721nam a22001457a 4500</leader>
  <controlfield tag="008">150410b        xxu||||| |||| 00| 0 eng d</controlfield>
  <datafield tag="082" ind1=" " ind2=" ">
    <subfield code="a">759.06</subfield>
    <subfield code="b">W 143pI</subfield>
  </datafield>
  <datafield tag="100" ind1=" " ind2=" ">
    <subfield code="a">Waldberg, Patrick</subfield>
    <subfield code="9">2397</subfield>
  </datafield>
  <datafield tag="245" ind1=" " ind2=" ">
    <subfield code="a">Arte Contemporaneo</subfield>
    <subfield code="b">Pintura Fantastica</subfield>
    <subfield code="c">Waldberg, Patrick</subfield>
  </datafield>
  <datafield tag="260" ind1=" " ind2=" ">
    <subfield code="a">Buenos Aires, Argentina</subfield>
    <subfield code="b">Viscontea</subfield>
    <subfield code="c">1977</subfield>
  </datafield>
  <datafield tag="300" ind1=" " ind2=" ">
    <subfield code="a">112 p.</subfield>
    <subfield code="b">ill. (col)</subfield>
    <subfield code="c">30.5 cm</subfield>
  </datafield>
  <datafield tag="505" ind1=" " ind2=" ">
    <subfield code="t">Giorgio de Chirico y el nacimiento de la metafisica</subfield>
    <subfield code="r">Patrick Waldberg</subfield>
    <subfield code="t">La difusion de la metafisica y su influencia en el surrealismo</subfield>
    <subfield code="r">Patrick Waldberg</subfield>
    <subfield code="t">Dossier Cientifico</subfield>
    <subfield code="t">Antologia critica</subfield>
    <subfield code="t">El mundo poetico de De Chirico</subfield>
    <subfield code="t">Carra, Morandi y la metafisica</subfield>
  </datafield>
  <datafield tag="650" ind1=" " ind2=" ">
    <subfield code="x">Surrealismo</subfield>
    <subfield code="x">Arte moderno</subfield>
    <subfield code="x">Siglo 20</subfield>
    <subfield code="9">2398</subfield>
  </datafield>
  <datafield tag="700" ind1=" " ind2=" ">
    <subfield code="a">Patrick Waldberg, </subfield>
    <subfield code="9">2399</subfield>
  </datafield>
  <datafield tag="999" ind1=" " ind2=" ">
    <subfield code="c">516</subfield>
    <subfield code="d">516</subfield>
  </datafield>
  <datafield tag="952" ind1=" " ind2=" ">
    <subfield code="0">0</subfield>
    <subfield code="1">0</subfield>
    <subfield code="2">ddc</subfield>
    <subfield code="4">0</subfield>
    <subfield code="7">0</subfield>
    <subfield code="a">LV</subfield>
    <subfield code="b">LV</subfield>
    <subfield code="c">Pensamiento</subfield>
    <subfield code="d">2015-04-10</subfield>
    <subfield code="l">0</subfield>
    <subfield code="o">759.06 W 143pI</subfield>
    <subfield code="p">000535</subfield>
    <subfield code="r">2015-04-10 00:00:00</subfield>
    <subfield code="w">2015-04-10</subfield>
    <subfield code="y">01</subfield>
  </datafield>
</record>
